Engineering mechanics of materials / (Record no. 182805)

000 -LEADER
fixed length control field 01205 a2200217 4500
003 - CONTROL NUMBER IDENTIFIER
control field Nust
005 - DATE AND TIME OF LATEST TRANSACTION
control field 20221020192806.0
010 ## - LIBRARY OF CONGRESS CONTROL NUMBER
LC control number 79004664
020 ## - INTERNATIONAL STANDARD BOOK NUMBER
International Standard Book Number 0023857501
040 ## - CATALOGING SOURCE
Transcribing agency Nust
082 00 - DEWEY DECIMAL CLASSIFICATION NUMBER
Classification number 620.112,MUV
100 1# - MAIN ENTRY--PERSONAL NAME
Personal name Muvdi, B. B.
9 (RLIN) 40969
245 10 - TITLE STATEMENT
Title Engineering mechanics of materials /
Statement of responsibility, etc. B. B. Muvdi, J. W. McNabb.
260 ## - PUBLICATION, DISTRIBUTION, ETC.
Place of publication, distribution, etc. New York :
Name of publisher, distributor, etc. Macmillan,
Date of publication, distribution, etc. c1980.
300 ## - PHYSICAL DESCRIPTION
Extent xv, 772 p. :
Other physical details ill. ;
Dimensions 24 cm.
505 ## - FORMATTED CONTENTS NOTE
Formatted contents note Internal Forces In Members (Page-1), Stress, Strain And Their Relationships (Page-53), Stresses And Strains In Axially Loaded Members (Page-115), Torsional Stresses, Strains And Rotations (Page-148), Stresses In Beams (Page-210), Deflections Of Beams (Page-266), Combined Stresses And Theories Of Failure (Page-339), Column Theory And Analysis (Page-383), Statically Indeterminate Members (Page-436), Introduction To Component Design (Page-487), Introduction To System Design (Page-536), Analysis And Design For Inelastic Behavior (Page-573), Analysis And Design For Impact And Fatigue Loadings (Page-610), Selected Topics (Page-649).
650 #0 - SUBJECT ADDED ENTRY--TOPICAL TERM
Topical term or geographic name entry element Mechanics, Applied.
650 #0 - SUBJECT ADDED ENTRY--TOPICAL TERM
Topical term or geographic name entry element Strength of materials.
700 1# - ADDED ENTRY--PERSONAL NAME
Personal name McNabb, J. W.,
9 (RLIN) 101067
942 ## - ADDED ENTRY ELEMENTS (KOHA)
Source of classification or shelving scheme
Koha item type Book
Holdings
Withdrawn status Lost status Source of classification or shelving scheme Damaged status Not for loan Permanent Location Current Location Shelving location Date acquired Full call number Barcode Date last seen Price effective from Koha item type Public note
          Military College of Signals (MCS) Military College of Signals (MCS) General Stacks 12/12/2016 620.112,MUV MCS6313 12/08/2016 12/12/2016 Book Almirah No.27, Shelf No.4
© 2023 Central Library, National University of Sciences and Technology. All Rights Reserved.